[Event "April 9 Early 2024"]
[Site "Chess.com"]
[Date "2024.04.09"]
[Round "7"]
[White "Melikhov, Evgeny V."]
[Black "Chemin, Vitorio"]
[Result "1-0"]
[Board "163"]
[WhiteFideId "4122046"]
[BlackFideId "2100509"]
[WhiteTitle "FM"]
[BlackTitle "FM"]
[WhiteElo "2467"]
[BlackElo "2032"]
[WhiteTeam "GRE"]
[BlackTeam "BRA"]
[WhiteClock "0:00:19"]
[BlackClock "0:00:00"]
[Variant "Standard"]

1. d4 {[%clk 0:03:00]}  d5 {[%clk 0:02:55]} 2. c4 {[%clk 0:03:01]}  e6 {[%clk 0:02:50]} 3. Nc3 {[%clk 0:03:00]}  c5 {[%clk 0:02:47]} 4. cxd5 {[%clk 0:03:00]}  cxd4 {[%clk 0:02:47]} 5. Qa4+ {[%clk 0:03:00]}  b5 {[%clk 0:02:47]} 6. Qxd4 {[%clk 0:02:56]}  a6 {[%clk 0:02:39]} 7. Nf3 {[%clk 0:02:48]}  b4 {[%clk 0:02:23]} 8. Na4 {[%clk 0:02:45]}  Qa5 {[%clk 0:02:13]} 9. b3 {[%clk 0:02:22]}  Bd7 {[%clk 0:01:57]} 10. dxe6 {[%clk 0:02:17]}  Bxe6 {[%clk 0:01:45]} 11. e3 {[%clk 0:01:53]}  Be7 {[%clk 0:01:42]} 12. Bb2 {[%clk 0:01:44]}  Nf6 {[%clk 0:01:28]} 13. Bc4 {[%clk 0:01:36]}  Nc6 {[%clk 0:01:18]} 14. Qb6 {[%clk 0:01:15]}  Qxb6 {[%clk 0:00:56]} 15. Nxb6 {[%clk 0:01:15]}  Rb8 {[%clk 0:00:55]} 16. Bxe6 {[%clk 0:01:14]}  Rxb6 {[%clk 0:00:47]} 17. Bc4 {[%clk 0:01:13]}  Na5 {[%clk 0:00:47]} 18. Be2 {[%clk 0:01:08]}  O-O {[%clk 0:00:46]} 19. O-O {[%clk 0:01:08]}  Ne4 {[%clk 0:00:40]} 20. Rac1 {[%clk 0:01:04]}  Bf6 {[%clk 0:00:37]} 21. Bxf6 {[%clk 0:01:00]}  gxf6 {[%clk 0:00:37]} 22. Rc7 {[%clk 0:00:43]}  Nc3 {[%clk 0:00:35]} 23. Bc4 {[%clk 0:00:38]}  Nxc4 {[%clk 0:00:33]} 24. Rxc4 {[%clk 0:00:38]}  Nxa2 {[%clk 0:00:31]} 25. Ra1 {[%clk 0:00:37]}  Nc3 {[%clk 0:00:31]} 26. Nd4 {[%clk 0:00:35]}  Rd8 {[%clk 0:00:28]} 27. g4 {[%clk 0:00:34]}  Kg7 {[%clk 0:00:21]} 28. Kg2 {[%clk 0:00:31]}  Kg6 {[%clk 0:00:20]} 29. Ra5 {[%clk 0:00:30]}  h6 {[%clk 0:00:14]} 30. h4 {[%clk 0:00:28]}  Nd5 {[%clk 0:00:13]} 31. Nf5 {[%clk 0:00:24]}  Rb7 {[%clk 0:00:08]} 32. Rxa6 {[%clk 0:00:23]}  h5 {[%clk 0:00:06]} 33. Kg3 {[%clk 0:00:20]}  hxg4 {[%clk 0:00:06]} 34. Kxg4 {[%clk 0:00:20]}  Rg8 {[%clk 0:00:03]} 35. Rcc6 {[%clk 0:00:19]}  Kh7+ {[%clk 0:00:00]} 36. Kf3 {[%clk 0:00:19]} 1-0

[Event "April 9 Early 2024"]
[Site "Chess.com"]
[Date "2024.04.09"]
[Round "7"]
[White "Mirzoev, Azer"]
[Black "Koridze, Lile"]
[Result "1-0"]
[Board "165"]
[WhiteFideId "13400304"]
[BlackFideId "13612514"]
[WhiteTitle "GM"]
[BlackTitle "WFM"]
[WhiteElo "2656"]
[BlackElo "2367"]
[WhiteTeam "AZE"]
[BlackTeam "GEO"]
[WhiteClock "0:00:27"]
[BlackClock "0:00:42"]
[Variant "Standard"]

1. c4 {[%clk 0:02:59]}  e5 {[%clk 0:03:00]} 2. Nc3 {[%clk 0:02:59]}  Nf6 {[%clk 0:03:00]} 3. e3 {[%clk 0:02:59]}  d5 {[%clk 0:02:56]} 4. cxd5 {[%clk 0:02:59]}  Nxd5 {[%clk 0:02:57]} 5. Qc2 {[%clk 0:02:59]}  Nxc3 {[%clk 0:02:50]} 6. bxc3 {[%clk 0:02:58]}  Bd6 {[%clk 0:02:50]} 7. d4 {[%clk 0:02:58]}  exd4 {[%clk 0:02:50]} 8. cxd4 {[%clk 0:02:58]}  c6 {[%clk 0:02:50]} 9. Nf3 {[%clk 0:02:58]}  O-O {[%clk 0:02:50]} 10. Bd3 {[%clk 0:02:57]}  h6 {[%clk 0:02:50]} 11. O-O {[%clk 0:02:57]}  Nd7 {[%clk 0:02:50]} 12. Rb1 {[%clk 0:02:56]}  Nf6 {[%clk 0:02:50]} 13. h3 {[%clk 0:02:54]}  Qe7 {[%clk 0:02:49]} 14. e4 {[%clk 0:02:52]}  Bc7 {[%clk 0:02:48]} 15. Re1 {[%clk 0:02:49]}  Rd8 {[%clk 0:02:46]} 16. Bb2 {[%clk 0:02:48]}  Be6 {[%clk 0:02:44]} 17. Ba1 {[%clk 0:02:39]}  Ba5 {[%clk 0:02:42]} 18. Rec1 {[%clk 0:02:37]}  Rac8 {[%clk 0:02:41]} 19. Qe2 {[%clk 0:02:19]}  Nh5 {[%clk 0:02:31]} 20. Qb2 {[%clk 0:02:07]}  Bb6 {[%clk 0:02:18]} 21. Bf1 {[%clk 0:01:57]}  Nf4 {[%clk 0:02:13]} 22. d5 {[%clk 0:01:54]}  Nh5 {[%clk 0:02:01]} 23. dxe6 {[%clk 0:01:53]}  Qxe6 {[%clk 0:02:01]} 24. e5 {[%clk 0:01:42]}  Qg6 {[%clk 0:02:00]} 25. Rd1 {[%clk 0:01:27]}  Nf4 {[%clk 0:01:58]} 26. Kh1 {[%clk 0:01:25]}  Re8 {[%clk 0:01:54]} 27. Nh2 {[%clk 0:01:05]}  Bc7 {[%clk 0:01:40]} 28. Qxb7 {[%clk 0:00:54]}  Nd5 {[%clk 0:01:29]} 29. Qa6 {[%clk 0:00:46]}  Bb6 {[%clk 0:01:24]} 30. Qe2 {[%clk 0:00:41]}  f6 {[%clk 0:01:21]} 31. e6 {[%clk 0:00:35]}  f5 {[%clk 0:01:20]} 32. Nf3 {[%clk 0:00:32]}  Rxe6 {[%clk 0:01:16]} 33. Qc2 {[%clk 0:00:32]}  Rf8 {[%clk 0:00:58]} 34. Bd4 {[%clk 0:00:32]}  Bxd4 {[%clk 0:00:50]} 35. Nxd4 {[%clk 0:00:31]}  Ref6 {[%clk 0:00:51]} 36. Nf3 {[%clk 0:00:30]}  Nf4 {[%clk 0:00:50]} 37. Qc4+ {[%clk 0:00:28]}  Nd5 {[%clk 0:00:46]} 38. Ne5 {[%clk 0:00:28]}  Qg5 {[%clk 0:00:42]} 39. Nxc6 {[%clk 0:00:27]} 1-0

[Event "April 9 Early 2024"]
[Site "Chess.com"]
[Date "2024.04.09"]
[Round "7"]
[White "Titarov, Vasilii"]
[Black "George Samir, David"]
[Result "0-1"]
[Board "166"]
[WhiteFideId "24280445"]
[BlackFideId "10657789"]
[WhiteTitle "CM"]
[BlackTitle "FM"]
[WhiteElo "2616"]
[BlackElo "2366"]
[WhiteTeam "RUS"]
[BlackTeam "EGY"]
[WhiteClock "0:01:00"]
[BlackClock "0:00:10"]
[Variant "Standard"]

1. e4 {[%clk 0:03:00]}  c5 {[%clk 0:02:58]} 2. Be2 {[%clk 0:02:59]}  d6 {[%clk 0:02:57]} 3. f4 {[%clk 0:02:58]}  Nc6 {[%clk 0:02:57]} 4. Nf3 {[%clk 0:02:59]}  Nf6 {[%clk 0:02:55]} 5. Nc3 {[%clk 0:02:58]}  d5 {[%clk 0:02:55]} 6. e5 {[%clk 0:02:56]}  Ne4 {[%clk 0:02:51]} 7. d3 {[%clk 0:02:53]}  Nxc3 {[%clk 0:02:50]} 8. bxc3 {[%clk 0:02:54]}  d4 {[%clk 0:02:49]} 9. c4 {[%clk 0:02:51]}  g6 {[%clk 0:02:42]} 10. h4 {[%clk 0:02:49]}  h5 {[%clk 0:02:40]} 11. Ng5 {[%clk 0:02:49]}  f6 {[%clk 0:02:34]} 12. exf6 {[%clk 0:02:39]}  exf6 {[%clk 0:02:35]} 13. Ne4 {[%clk 0:02:39]}  Be7 {[%clk 0:02:23]} 14. Bf3 {[%clk 0:02:37]}  Qc7 {[%clk 0:02:09]} 15. O-O {[%clk 0:02:36]}  Bf5 {[%clk 0:02:04]} 16. Bd2 {[%clk 0:02:32]}  O-O-O {[%clk 0:02:01]} 17. Rb1 {[%clk 0:02:27]}  Rdg8 {[%clk 0:01:56]} 18. Rb5 {[%clk 0:02:26]}  a6 {[%clk 0:01:54]} 19. Rb3 {[%clk 0:02:13]}  g5 {[%clk 0:01:52]} 20. fxg5 {[%clk 0:02:12]}  Bxe4 {[%clk 0:01:46]} 21. Bxe4 {[%clk 0:02:11]}  fxg5 {[%clk 0:01:46]} 22. Bd5 {[%clk 0:01:53]}  Rg7 {[%clk 0:01:39]} 23. hxg5 {[%clk 0:01:52]}  Bxg5 {[%clk 0:01:40]} 24. Bxg5 {[%clk 0:01:52]}  Rxg5 {[%clk 0:01:40]} 25. Qf3 {[%clk 0:01:40]}  Nb4 {[%clk 0:01:25]} 26. Be6+ {[%clk 0:01:30]}  Kb8 {[%clk 0:01:21]} 27. a3 {[%clk 0:01:29]}  Qe5 {[%clk 0:00:24]} 28. axb4 {[%clk 0:01:25]}  Qxe6 {[%clk 0:00:23]} 29. bxc5 {[%clk 0:01:26]}  Qe3+ {[%clk 0:00:19]} 30. Qxe3 {[%clk 0:01:25]}  dxe3 {[%clk 0:00:20]} 31. c6 {[%clk 0:01:25]}  Rhg8 {[%clk 0:00:20]} 32. Rxb7+ {[%clk 0:01:21]}  Kc8 {[%clk 0:00:19]} 33. Kh1 {[%clk 0:01:18]}  Rxg2 {[%clk 0:00:18]} 34. Rf8+ {[%clk 0:01:18]}  Rxf8 {[%clk 0:00:18]} 35. Kxg2 {[%clk 0:01:18]}  Rf2+ {[%clk 0:00:16]} 36. Kg1 {[%clk 0:01:18]}  Rxc2 {[%clk 0:00:16]} 37. Re7 {[%clk 0:01:17]}  e2 {[%clk 0:00:13]} 38. Kf2 {[%clk 0:01:17]}  Rd2 {[%clk 0:00:13]} 39. Rd7 {[%clk 0:01:13]}  a5 {[%clk 0:00:11]} 40. Ke1 {[%clk 0:01:12]}  Rc2 {[%clk 0:00:11]} 41. d4 {[%clk 0:01:08]}  a4 {[%clk 0:00:10]} 42. d5 {[%clk 0:01:06]}  a3 {[%clk 0:00:10]} 43. Ra7 {[%clk 0:01:06]}  a2 {[%clk 0:00:10]} 44. d6 {[%clk 0:01:06]}  Rc1+ {[%clk 0:00:11]} 45. Kxe2 {[%clk 0:01:06]}  a1=Q {[%clk 0:00:11]} 46. d7+ {[%clk 0:01:03]}  Kd8 {[%clk 0:00:11]} 47. Rxa1 {[%clk 0:01:00]}  Rxa1 {[%clk 0:00:10]} 0-1

[Event "April 9 Early 2024"]
[Site "Chess.com"]
[Date "2024.04.09"]
[Round "7"]
[White "Demin, Vladimir"]
[Black "Sovetbekova, Nurai"]
[Result "0-1"]
[Board "168"]
[WhiteFideId "4167457"]
[BlackFideId "13801910"]
[WhiteTitle "IM"]
[BlackTitle "WFM"]
[WhiteElo "2583"]
[BlackElo "2351"]
[WhiteTeam "RUS"]
[BlackTeam "KGZ"]
[WhiteClock "0:01:04"]
[BlackClock "0:01:05"]
[Variant "Standard"]

1. e4 {[%clk 0:02:44]}  c5 {[%clk 0:02:59]} 2. c3 {[%clk 0:02:43]}  Nf6 {[%clk 0:02:58]} 3. e5 {[%clk 0:02:43]}  Nd5 {[%clk 0:02:59]} 4. d4 {[%clk 0:02:43]}  cxd4 {[%clk 0:02:58]} 5. Qxd4 {[%clk 0:02:44]}  e6 {[%clk 0:02:57]} 6. Nf3 {[%clk 0:02:40]}  Nc6 {[%clk 0:02:57]} 7. Qe4 {[%clk 0:02:41]}  f5 {[%clk 0:02:53]} 8. Qe2 {[%clk 0:02:41]}  Be7 {[%clk 0:02:50]} 9. g3 {[%clk 0:02:40]}  O-O {[%clk 0:02:47]} 10. Bg2 {[%clk 0:02:41]}  d6 {[%clk 0:02:42]} 11. exd6 {[%clk 0:02:38]}  Bxd6 {[%clk 0:02:41]} 12. O-O {[%clk 0:02:39]}  e5 {[%clk 0:02:40]} 13. Rd1 {[%clk 0:02:38]}  e4 {[%clk 0:02:11]} 14. Rxd5 {[%clk 0:02:34]}  exf3 {[%clk 0:02:10]} 15. Qxf3 {[%clk 0:02:33]}  Qc7 {[%clk 0:02:08]} 16. Rd1 {[%clk 0:02:25]}  Be6 {[%clk 0:01:55]} 17. Na3 {[%clk 0:02:19]}  a6 {[%clk 0:01:54]} 18. Nc2 {[%clk 0:02:16]}  f4 {[%clk 0:01:46]} 19. Bxf4 {[%clk 0:02:15]}  Bxf4 {[%clk 0:01:45]} 20. gxf4 {[%clk 0:02:15]}  Rxf4 {[%clk 0:01:45]} 21. Qe3 {[%clk 0:02:09]}  Bg4 {[%clk 0:01:36]} 22. Re1 {[%clk 0:01:59]}  Raf8 {[%clk 0:01:34]} 23. h3 {[%clk 0:01:32]}  Bf3 {[%clk 0:01:31]} 24. Bf1 {[%clk 0:01:27]}  R4f6 {[%clk 0:01:20]} 25. Bc4+ {[%clk 0:01:19]}  Kh8 {[%clk 0:01:20]} 26. Bd3 {[%clk 0:01:11]}  Qd6 {[%clk 0:01:12]} 27. Kf1 {[%clk 0:01:04]}  Qh2 {[%clk 0:01:05]} 0-1

[Event "April 9 Early 2024"]
[Site "Chess.com"]
[Date "2024.04.09"]
[Round "7"]
[White "Andreev, Konstantin"]
[Black "Stojanovski, Sandi"]
[Result "0-1"]
[Board "174"]
[WhiteFideId "24239305"]
[BlackFideId "1403249"]
[WhiteTitle "FM"]
[BlackTitle "FM"]
[WhiteElo "2529"]
[BlackElo "2327"]
[WhiteTeam "ITA"]
[BlackTeam "DEN"]
[WhiteClock "0:00:00"]
[BlackClock "0:00:52"]
[Variant "Standard"]

1. e4 {[%clk 0:01:05]}  d6 {[%clk 0:02:57]} 2. d4 {[%clk 0:01:04]}  Nf6 {[%clk 0:02:57]} 3. Nc3 {[%clk 0:01:04]}  g6 {[%clk 0:02:58]} 4. h4 {[%clk 0:01:03]}  h5 {[%clk 0:02:55]} 5. f3 {[%clk 0:01:03]}  c6 {[%clk 0:02:50]} 6. a4 {[%clk 0:01:01]}  Qc7 {[%clk 0:02:49]} 7. Be3 {[%clk 0:00:54]}  Bg7 {[%clk 0:02:35]} 8. Qd2 {[%clk 0:00:52]}  b6 {[%clk 0:02:34]} 9. O-O-O {[%clk 0:00:43]}  a6 {[%clk 0:02:33]} 10. Kb1 {[%clk 0:00:38]}  Nbd7 {[%clk 0:02:30]} 11. Nh3 {[%clk 0:00:36]}  b5 {[%clk 0:02:29]} 12. Ng5 {[%clk 0:00:34]}  bxa4 {[%clk 0:02:14]} 13. Bc4 {[%clk 0:00:23]}  O-O {[%clk 0:02:12]} 14. g4 {[%clk 0:00:20]}  d5 {[%clk 0:02:00]} 15. exd5 {[%clk 0:00:18]}  Nb6 {[%clk 0:02:00]} 16. d6 {[%clk 0:00:14]}  Nxc4 {[%clk 0:01:52]} 17. dxc7 {[%clk 0:00:14]}  Nxd2+ {[%clk 0:01:52]} 18. Rxd2 {[%clk 0:00:15]}  hxg4 {[%clk 0:01:47]} 19. Nxa4 {[%clk 0:00:15]}  Nd5 {[%clk 0:01:33]} 20. Bf2 {[%clk 0:00:10]}  gxf3 {[%clk 0:01:28]} 21. Bg3 {[%clk 0:00:07]}  Bg4 {[%clk 0:01:13]} 22. c4 {[%clk 0:00:05]}  Ne3 {[%clk 0:01:09]} 23. Nb6 {[%clk 0:00:01]}  Ra7 {[%clk 0:00:55]} 24. c8=Q {[%clk 0:00:01]}  Bxc8 {[%clk 0:00:53]} 25. Nxc8 {[%clk 0:00:00]}  Rxc8 {[%clk 0:00:52]} 0-1

[Event "April 9 Early 2024"]
[Site "Chess.com"]
[Date "2024.04.09"]
[Round "7"]
[White "Seletsky, Grigory"]
[Black "Bauyrzhan, Arnash"]
[Result "1-0"]
[Board "175"]
[WhiteFideId "14112191"]
[BlackFideId "13706322"]
[WhiteTitle "FM"]
[BlackTitle "WFM"]
[WhiteElo "2523"]
[BlackElo "2323"]
[WhiteTeam "UKR"]
[BlackTeam "KAZ"]
[WhiteClock "0:00:11"]
[BlackClock "0:00:00"]
[Variant "Standard"]

1. e4 {[%clk 0:02:53]}  c5 {[%clk 0:03:00]} 2. Nc3 {[%clk 0:02:52]}  d6 {[%clk 0:02:59]} 3. Bc4 {[%clk 0:02:46]}  g6 {[%clk 0:02:54]} 4. d3 {[%clk 0:02:45]}  Bg7 {[%clk 0:02:53]} 5. f4 {[%clk 0:02:46]}  Nc6 {[%clk 0:02:50]} 6. Nf3 {[%clk 0:02:46]}  e6 {[%clk 0:02:47]} 7. O-O {[%clk 0:02:44]}  Nge7 {[%clk 0:02:47]} 8. Qe1 {[%clk 0:02:44]}  O-O {[%clk 0:02:42]} 9. f5 {[%clk 0:02:45]}  gxf5 {[%clk 0:02:40]} 10. Qh4 {[%clk 0:02:45]}  fxe4 {[%clk 0:02:39]} 11. dxe4 {[%clk 0:02:36]}  Ng6 {[%clk 0:02:38]} 12. Qh5 {[%clk 0:02:36]}  Nce5 {[%clk 0:02:37]} 13. Ng5 {[%clk 0:02:01]}  h6 {[%clk 0:02:33]} 14. Nxf7 {[%clk 0:02:02]}  Rxf7 {[%clk 0:02:19]} 15. Rxf7 {[%clk 0:01:54]}  Kxf7 {[%clk 0:02:15]} 16. Bxh6 {[%clk 0:01:55]}  Qh4 {[%clk 0:01:58]} 17. Rf1+ {[%clk 0:01:52]}  Kg8 {[%clk 0:01:52]} 18. Qxh4 {[%clk 0:01:40]}  Nxh4 {[%clk 0:01:52]} 19. Bxg7 {[%clk 0:01:40]}  Kxg7 {[%clk 0:01:51]} 20. Be2 {[%clk 0:01:38]}  Bd7 {[%clk 0:01:47]} 21. Rd1 {[%clk 0:01:35]}  Kf7 {[%clk 0:01:23]} 22. Rxd6 {[%clk 0:01:34]}  Rg8 {[%clk 0:01:20]} 23. g3 {[%clk 0:01:32]}  Ke7 {[%clk 0:01:16]} 24. Rd1 {[%clk 0:01:31]}  Nhf3+ {[%clk 0:01:12]} 25. Kg2 {[%clk 0:01:03]}  Nd4 {[%clk 0:01:10]} 26. Rd2 {[%clk 0:01:01]}  Bc6 {[%clk 0:01:01]} 27. a4 {[%clk 0:00:58]}  Ng4 {[%clk 0:00:51]} 28. h3 {[%clk 0:00:35]}  Ne3+ {[%clk 0:00:51]} 29. Kf2 {[%clk 0:00:36]}  Nexc2 {[%clk 0:00:51]} 30. g4 {[%clk 0:00:35]}  Rf8+ {[%clk 0:00:43]} 31. Kg3 {[%clk 0:00:33]}  Ne3 {[%clk 0:00:41]} 32. h4 {[%clk 0:00:28]}  Nf1+ {[%clk 0:00:31]} 33. Bxf1 {[%clk 0:00:26]}  Rxf1 {[%clk 0:00:31]} 34. Rg2 {[%clk 0:00:23]}  Rf3+ {[%clk 0:00:23]} 35. Kh2 {[%clk 0:00:21]}  Rf4 {[%clk 0:00:23]} 36. Kg3 {[%clk 0:00:20]}  Bxe4 {[%clk 0:00:17]} 37. Kxf4 {[%clk 0:00:14]}  Bxg2 {[%clk 0:00:17]} 38. h5 {[%clk 0:00:14]}  Bf3 {[%clk 0:00:07]} 39. h6 {[%clk 0:00:13]}  e5+ {[%clk 0:00:04]} 40. Kxe5 {[%clk 0:00:12]}  Nc6+ {[%clk 0:00:00]} 41. Kf4 {[%clk 0:00:11]} 1-0

[Event "April 9 Early 2024"]
[Site "Chess.com"]
[Date "2024.04.09"]
[Round "7"]
[White "Jovic, Stanoje"]
[Black "Freile Martin, Javier"]
[Result "1-0"]
[Board "177"]
[WhiteFideId "905020"]
[BlackFideId "3600165"]
[WhiteTitle "FM"]
[BlackTitle "FM"]
[WhiteElo "2510"]
[BlackElo "2315"]
[WhiteTeam "SRB"]
[BlackTeam "ECU"]
[WhiteClock "0:00:59"]
[BlackClock "0:00:29"]
[Variant "Standard"]

1. c4 {[%clk 0:03:00]}  Nf6 {[%clk 0:02:56]} 2. g3 {[%clk 0:03:00]}  g6 {[%clk 0:02:56]} 3. Bg2 {[%clk 0:03:01]}  Bg7 {[%clk 0:02:56]} 4. Nc3 {[%clk 0:03:01]}  d6 {[%clk 0:02:57]} 5. Nf3 {[%clk 0:03:01]}  O-O {[%clk 0:02:57]} 6. O-O {[%clk 0:03:01]}  Nbd7 {[%clk 0:02:57]} 7. Rb1 {[%clk 0:03:00]}  e5 {[%clk 0:02:55]} 8. b4 {[%clk 0:02:59]}  Re8 {[%clk 0:02:55]} 9. a4 {[%clk 0:02:57]}  a5 {[%clk 0:02:52]} 10. b5 {[%clk 0:02:57]}  Rb8 {[%clk 0:02:50]} 11. Ba3 {[%clk 0:02:54]}  b6 {[%clk 0:02:49]} 12. Ng5 {[%clk 0:02:46]}  h6 {[%clk 0:02:42]} 13. Nge4 {[%clk 0:02:45]}  Nxe4 {[%clk 0:02:42]} 14. Bxe4 {[%clk 0:02:44]}  Nf6 {[%clk 0:02:37]} 15. Bc6 {[%clk 0:02:42]}  Rf8 {[%clk 0:02:28]} 16. e3 {[%clk 0:02:35]}  Be6 {[%clk 0:02:17]} 17. Nd5 {[%clk 0:02:28]}  Bxd5 {[%clk 0:02:08]} 18. Bxd5 {[%clk 0:02:24]}  Nxd5 {[%clk 0:01:55]} 19. cxd5 {[%clk 0:02:24]}  Bf6 {[%clk 0:01:54]} 20. e4 {[%clk 0:02:20]}  Qd7 {[%clk 0:01:54]} 21. Kg2 {[%clk 0:02:18]}  Rbe8 {[%clk 0:01:54]} 22. d3 {[%clk 0:02:15]}  Bd8 {[%clk 0:01:53]} 23. Bc1 {[%clk 0:02:14]}  Kh7 {[%clk 0:01:52]} 24. Be3 {[%clk 0:02:10]}  f5 {[%clk 0:01:51]} 25. f3 {[%clk 0:02:07]}  f4 {[%clk 0:01:48]} 26. Bf2 {[%clk 0:02:02]}  g5 {[%clk 0:01:47]} 27. g4 {[%clk 0:02:00]}  h5 {[%clk 0:01:46]} 28. h3 {[%clk 0:01:57]}  Rh8 {[%clk 0:01:46]} 29. Rh1 {[%clk 0:01:48]}  Kg6 {[%clk 0:01:46]} 30. Qc2 {[%clk 0:01:46]}  Rh7 {[%clk 0:01:44]} 31. d4 {[%clk 0:01:44]}  Bf6 {[%clk 0:01:31]} 32. Rbc1 {[%clk 0:01:41]}  exd4 {[%clk 0:01:26]} 33. e5+ {[%clk 0:01:40]}  Kh6 {[%clk 0:01:22]} 34. exf6 {[%clk 0:01:35]}  Re5 {[%clk 0:01:19]} 35. Qc6 {[%clk 0:01:25]}  Qf7 {[%clk 0:01:16]} 36. Bxd4 {[%clk 0:01:18]}  Rxd5 {[%clk 0:01:15]} 37. Rhd1 {[%clk 0:01:13]}  hxg4 {[%clk 0:00:47]} 38. hxg4 {[%clk 0:01:09]}  Rc5 {[%clk 0:00:38]} 39. Rh1+ {[%clk 0:01:01]}  Kg6 {[%clk 0:00:29]} 40. Qe4+ {[%clk 0:00:59]} 1-0

[Event "April 9 Early 2024"]
[Site "Chess.com"]
[Date "2024.04.09"]
[Round "7"]
[White "Rose, Felix"]
[Black "Diaz Herquinio, Brahian"]
[Result "0-1"]
[Board "178"]
[WhiteFideId "5105722"]
[BlackFideId "3809480"]
[WhiteTitle "CM"]
[BlackTitle "CM"]
[WhiteElo "2314"]
[BlackElo "2505"]
[WhiteTeam "MEX"]
[BlackTeam "PER"]
[WhiteClock "0:00:14"]
[BlackClock "0:01:01"]
[Variant "Standard"]

1. e4 {[%clk 0:02:57]}  c5 {[%clk 0:02:55]} 2. Nf3 {[%clk 0:02:55]}  d6 {[%clk 0:02:55]} 3. d4 {[%clk 0:02:56]}  cxd4 {[%clk 0:02:56]} 4. Nxd4 {[%clk 0:02:56]}  Nf6 {[%clk 0:02:55]} 5. Nc3 {[%clk 0:02:57]}  a6 {[%clk 0:02:56]} 6. f3 {[%clk 0:02:57]}  e5 {[%clk 0:02:56]} 7. Nb3 {[%clk 0:02:57]}  Be6 {[%clk 0:02:56]} 8. Be3 {[%clk 0:02:58]}  Be7 {[%clk 0:02:57]} 9. Qd2 {[%clk 0:02:58]}  O-O {[%clk 0:02:57]} 10. O-O-O {[%clk 0:02:59]}  Nbd7 {[%clk 0:02:57]} 11. g4 {[%clk 0:02:59]}  b5 {[%clk 0:02:57]} 12. g5 {[%clk 0:02:59]}  b4 {[%clk 0:02:58]} 13. gxf6 {[%clk 0:02:59]}  bxc3 {[%clk 0:02:58]} 14. Qxc3 {[%clk 0:02:58]}  Nxf6 {[%clk 0:02:58]} 15. Na5 {[%clk 0:02:59]}  Rc8 {[%clk 0:02:59]} 16. Nc6 {[%clk 0:02:58]}  Qe8 {[%clk 0:02:59]} 17. Nxe7+ {[%clk 0:02:59]}  Qxe7 {[%clk 0:03:00]} 18. Qa5 {[%clk 0:02:59]}  Rc6 {[%clk 0:03:00]} 19. Kb1 {[%clk 0:02:53]}  Rfc8 {[%clk 0:02:54]} 20. Rd2 {[%clk 0:02:39]}  Nh5 {[%clk 0:02:37]} 21. Be2 {[%clk 0:02:30]}  Nf4 {[%clk 0:02:35]} 22. Bd1 {[%clk 0:02:28]}  Rb8 {[%clk 0:02:32]} 23. Qa3 {[%clk 0:02:04]}  Qc7 {[%clk 0:02:31]} 24. Rg1 {[%clk 0:01:59]}  Rc3 {[%clk 0:02:23]} 25. Qxa6 {[%clk 0:00:42]}  Rxe3 {[%clk 0:02:20]} 26. Rxd6 {[%clk 0:00:40]}  g6 {[%clk 0:02:04]} 27. Rc6 {[%clk 0:00:34]}  Qb7 {[%clk 0:02:02]} 28. Qxb7 {[%clk 0:00:31]}  Rxb7 {[%clk 0:02:03]} 29. b3 {[%clk 0:00:31]}  Ne2 {[%clk 0:01:48]} 30. Bxe2 {[%clk 0:00:14]}  Rxe2 {[%clk 0:01:48]} 31. Rd1 {[%clk 0:00:14]}  Rxh2 {[%clk 0:01:46]} 32. a4 {[%clk 0:00:14]}  Bxb3 {[%clk 0:00:59]} 33. cxb3 {[%clk 0:00:15]}  Rxb3+ {[%clk 0:01:00]} 34. Kc1 {[%clk 0:00:15]}  Ra3 {[%clk 0:01:01]} 35. Rd8+ {[%clk 0:00:14]}  Kg7 {[%clk 0:01:01]} 36. Ra8 {[%clk 0:00:14]}  Ra1# {[%clk 0:01:01]} 0-1

[Event "April 9 Early 2024"]
[Site "Chess.com"]
[Date "2024.04.09"]
[Round "7"]
[White "Mizzi, Jack"]
[Black "Lauda, Alexandr"]
[Result "0-1"]
[Board "180"]
[WhiteFideId "5602521"]
[BlackFideId "13903179"]
[WhiteTitle "CM"]
[BlackTitle "CM"]
[WhiteElo "2496"]
[BlackElo "2294"]
[WhiteTeam "MLT"]
[BlackTeam "MDA"]
[WhiteClock "0:00:02"]
[BlackClock "0:01:21"]
[Variant "Standard"]

1. d4 {[%clk 0:02:31]}  Nf6 {[%clk 0:02:58]} 2. c4 {[%clk 0:02:29]}  e6 {[%clk 0:02:58]} 3. g3 {[%clk 0:02:29]}  d5 {[%clk 0:02:48]} 4. Bg2 {[%clk 0:02:29]}  Be7 {[%clk 0:02:48]} 5. Nf3 {[%clk 0:02:27]}  O-O {[%clk 0:02:48]} 6. O-O {[%clk 0:02:25]}  dxc4 {[%clk 0:02:49]} 7. Ne5 {[%clk 0:02:23]}  Nc6 {[%clk 0:02:47]} 8. Bxc6 {[%clk 0:02:22]}  bxc6 {[%clk 0:02:48]} 9. Nxc6 {[%clk 0:02:23]}  Qe8 {[%clk 0:02:47]} 10. Nxe7+ {[%clk 0:02:23]}  Qxe7 {[%clk 0:02:47]} 11. Qc2 {[%clk 0:02:24]}  c5 {[%clk 0:02:19]} 12. b3 {[%clk 0:02:14]}  cxd4 {[%clk 0:02:15]} 13. Ba3 {[%clk 0:02:12]}  cxb3 {[%clk 0:02:01]} 14. axb3 {[%clk 0:02:13]}  Qd7 {[%clk 0:01:55]} 15. Bxf8 {[%clk 0:02:10]}  Kxf8 {[%clk 0:01:55]} 16. Rd1 {[%clk 0:02:07]}  e5 {[%clk 0:01:54]} 17. e3 {[%clk 0:01:57]}  Bb7 {[%clk 0:01:49]} 18. Qc5+ {[%clk 0:01:52]}  Kg8 {[%clk 0:01:47]} 19. Rxa7 {[%clk 0:01:04]}  Rc8 {[%clk 0:01:42]} 20. Qxe5 {[%clk 0:00:54]}  dxe3 {[%clk 0:01:35]} 21. Rxb7 {[%clk 0:00:07]}  Qxd1+ {[%clk 0:01:29]} 22. Kg2 {[%clk 0:00:08]}  exf2 {[%clk 0:01:22]} 23. Kxf2 {[%clk 0:00:02]}  Ng4+ {[%clk 0:01:21]} 0-1

[Event "April 9 Early 2024"]
[Site "Chess.com"]
[Date "2024.04.09"]
[Round "7"]
[White "Jimenez, Maria"]
[Black "Berezin, Viktor"]
[Result "1-0"]
[Board "183"]
[WhiteFideId "3843866"]
[BlackFideId "14107872"]
[WhiteTitle "WFM"]
[BlackTitle "FM"]
[WhiteElo "2288"]
[BlackElo "2484"]
[WhiteTeam "PER"]
[BlackTeam "UKR"]
[WhiteClock "0:02:33"]
[BlackClock "0:02:20"]
[Variant "Standard"]

1. e4 {[%clk 0:03:00]}  g6 {[%clk 0:02:59]} 2. d4 {[%clk 0:03:00]}  Bg7 {[%clk 0:02:56]} 3. Nc3 {[%clk 0:02:59]}  d6 {[%clk 0:02:55]} 4. f4 {[%clk 0:02:56]}  Nf6 {[%clk 0:02:54]} 5. Nf3 {[%clk 0:02:56]}  O-O {[%clk 0:02:52]} 6. Be3 {[%clk 0:02:55]}  Na6 {[%clk 0:02:47]} 7. Qd2 {[%clk 0:02:54]}  c5 {[%clk 0:02:44]} 8. Bxa6 {[%clk 0:02:49]}  cxd4 {[%clk 0:02:42]} 9. Bxd4 {[%clk 0:02:42]}  bxa6 {[%clk 0:02:39]} 10. O-O-O {[%clk 0:02:41]}  Bb7 {[%clk 0:02:37]} 11. e5 {[%clk 0:02:41]}  Ne4 {[%clk 0:02:34]} 12. Nxe4 {[%clk 0:02:40]}  Bxe4 {[%clk 0:02:35]} 13. exd6 {[%clk 0:02:38]}  Qxd6 {[%clk 0:02:23]} 14. Bxg7 {[%clk 0:02:34]}  Qxd2+ {[%clk 0:02:21]} 15. Nxd2 {[%clk 0:02:33]}  Kxg7 {[%clk 0:02:20]} 16. Nxe4 {[%clk 0:02:33]} 1-0